Una introducción a la educación a distancia / (Record no. 70304)

MARC details
000 -LEADER
campo de control de longitud fija 00767cam a2200253Ia 4500
001 - NÚMERO DE CONTROL
campo de control 41757
005 - FECHA Y HORA DE LA ÚLTIMA TRANSACCIÓN
campo de control 20230410124050.0
008 - DATOS DE LONGITUD FIJA--INFORMACIÓN GENERAL
campo de control de longitud fija 030324s2002 ag a b 000 0 spa d
035 ## - NÚMERO DE CONTROL DEL SISTEMA
Número de control de sistema (OCoLC)ocm51905804
040 ## - FUENTE DE CATALOGACIÓN
Centro catalogador/agencia de origen U@S
Lengua de catalogación spa
Centro/agencia transcriptor U@S
Centro/agencia modificador BAKER
020 ## - NÚMERO INTERNACIONAL ESTÁNDAR DEL LIBRO
Número Internacional Estándar del Libro 9505575351
020 ## - NÚMERO INTERNACIONAL ESTÁNDAR DEL LIBRO
Número Internacional Estándar del Libro 9789505575350
050 14 - SIGNATURA TOPOGRÁFICA DE LA BIBLIOTECA DEL CONGRESO
Número de clasificación LC 5800
Número de ítem P125i 2002
049 ## - FONDOS LOCALES (OCLC)
Biblioteca depositaria GRAL
100 1# - ENTRADA PRINCIPAL--NOMBRE DE PERSONA
Nombre de persona Padula Perkins, Jorge Eduardo.
245 14 - MENCIÓN DEL TÍTULO
Título Una introducción a la educación a distancia /
Mención de responsabilidad, etc. Jorge Eduardo Padula Perkins.
260 ## - PUBLICACIÓN, DISTRIBUCIÓN, ETC.
Lugar de publicación, distribución, etc. Buenos Aires :
Nombre del editor, distribuidor, etc. Fondo de Cultura Económica,
Fecha de publicación, distribución, etc. c2002.
300 ## - DESCRIPCIÓN FÍSICA
Extensión 91 p. :
Otras características físicas il. ;
Dimensiones 23 cm.
504 ## - NOTA DE BIBLIOGRAFÍA, ETC.
Nota de bibliografía, etc. Incluye referencias bibliográficas (p. 89-90).
650 #0 - PUNTO DE ACCESO ADICIONAL DE MATERIA--TÉRMINO DE MATERIA
Término de materia o nombre geográfico como elemento de entrada Distance education.
942 ## - ELEMENTOS DE ENTRADA SECUNDARIOS (KOHA)
Fuente del sistema de clasificación o colocación Clasificación de Library of Congress
Tipo de ítem Koha
946 ## - PROCESAMIENTO DE INFORMACIÓN LOCAL (OCLC)
a cspeguero
994 ## -
-- C0
-- DRFGD
Holdings
Estatus retirado Estado de pérdida Fuente del sistema de clasificación o colocación Estado de daño No para préstamo Colección Biblioteca de origen Biblioteca actual Ubicación en estantería Fecha de adquisición Serial enumeration / chronology Signatura topográfica completa Código de barras Visto por última vez Copia número Tipo de ítem Koha
    Clasificación de Library of Congress     Humanidades Biblioteca Juan Bosch Biblioteca Juan Bosch Humanidades (4to. Piso) 10/04/2023 1 LC 5800 P125i 2002 00000042793 25/10/2018 1